| 000 | 01176cam a2200373 a 4500 | ||
|---|---|---|---|
| 001 | 1407008 | ||
| 003 | GZU | ||
| 005 | 20260423084800.0 | ||
| 008 | 831117s1984 ilua b 001 0 eng | ||
| 010 | _a 83021514 | ||
| 020 |
_a089189179X : _c$65.00 |
||
| 022 | _a. | ||
| 035 | _a1407008 | ||
| 040 |
_aDLC _cDLC _dGZULib _beng _erda |
||
| 050 | 1 | 0 |
_aRC119 _b.ASH 1984 |
| 100 | 1 |
_aAsh, Lawrence R. _eauthor |
|
| 245 | 1 | 0 |
_aAtlas of human parasitology / _cLawrence R. Ash, Thomas C. Orihel. |
| 250 | _aSecond edition | ||
| 260 |
_aChicago : _bAmerican Society of Clinical Pathologists Press, _c1984. |
||
| 300 |
_axi, 212 pages : _billustrations (some colour) ; _c29 cm. |
||
| 336 |
_atext _btxt _2rdacontent |
||
| 337 |
_aunmediated _bn _2rdamedia |
||
| 338 |
_avolume _bnc _2rdacarrier |
||
| 500 | _aIncludes index. | ||
| 504 | _aBibliography: p. 208. | ||
| 505 | _a. | ||
| 520 | _a. | ||
| 650 | 0 |
_aMedical parasitology _xAtlases. |
|
| 650 | 0 |
_aParasitic diseases _xDiagnosis _xAtlases. |
|
| 650 | 2 |
_aParasites _xAtlases. |
|
| 650 | 2 |
_aParasitic diseases _xAtlases. |
|
| 700 | 1 |
_aOrihel, Thomas C., _d1929- _eauthor |
|
| 942 |
_2lcc _cBK _eSecond edition _h119 _iASH _kRC |
||
| 999 |
_c11765 _d11765 |
||